00297nam a2200109Ia 4500008004100000041000800041100002100049245005100070260003800121300000800159700002000167250110s9999 xx 000 0 und d aeng aRewatkar Vaidehi alandscape Development Proposal For Dikshaboomi bM Arch Landscape BNCA, Punec2015 a30p aGuide Name:BNCA